000 00379 a2200169 4500
001 157551
020 _a978-85-01-11371-9
040 _cEscola São Tomás de Aquino
100 _aMaum, Courtney
240 1 0 _aDesconectados
_lpor
245 1 0 _aDesconectados
300 _a336
362 0 _a2019
440 1 _aRecord
697 _aRomance / Ficção americana
942 _cBK
999 _c157551
_d157551